000
00289nam a22001337a 4500
008
170623b xxu||||| |||| 00| 0 eng d
020
_a
9780521637626
041
_a
eng
080
_a
93
100
_a
21
101
_a
SHP
245
_a
RADICAL HISTORY REVIEW
_c
BORIS, E
942
_2
udc
_c
BK
999
_c
19030
_d
19030